Statistics for Star Wars The Clone Wars: Who Killed Who?

Click here to take the quiz!

General Stats

  • This quiz has been taken 822 times
  • The average score is 16 of 37

Answer Stats

KilledKiller% Correct
Savage OpressDarth Sidious
79%
Pre VizslaMaul
76%
Nahdar VebbGeneral Grievous
74%
Duchess Satine KryzeMaul
74%
Admiral TrenchAnakin Skywalker
68%
FivesCommander Fox
62%
Adi GalliaSavage Opress
58%
Pong KrellDogma
56%
R3-S6R2-D2
55%
Majority of Black Sun's leadershipSavage Opress
55%
GorKit Fisto
51%
TiplarTup
47%
Captain Faro ArgyusAsajj Ventress
46%
King KatuunkoSavage Opress
44%
Oruba the HuttSavage Opress
44%
Commander ColtAsajj Ventress
42%
Captain Roos TarpalsGeneral Grievous
39%
Tal MerrikAnakin Skywalker
37%
Bolla RopalCad Bane
37%
Commander PondsAurra Sing
35%
Lom PykeCount Dooku
35%
Old DakaGeneral Grievous
35%
Senator PhiloCad Bane
34%
Prime Minister AlmecGar Saxon
33%
Letta TurmondBarris Offee
31%
KnoxSavage Opress
31%
HalseySavage Opress
31%
CastasAurra Sing
30%
Turk FalsoCount Dooku
30%
FeralSavage Opress
29%
Queen Miraj ScintelCount Dooku
28%
Ziro the HuttSy Snootles
27%
Osi SobeckAhsoka Tano
25%
Riff TamsonPrince/King Lee-Char
25%
Bulduga (Brother of Onca)Cad Bane
19%
Teckla MinnauEmbo
18%
Onaconda FarrLolo Purs
17%

Score Distribution

Percentile by Number Answered

Percent of People with Each Score

Your Score History

You have not taken this quiz